000
00354pab a2200157 454500
008
180718b2013 xxu||||| |||| 00| 0 eng d
100
_a
Tiwari, K.N.
245
_a
Rural education - the way forward
260
_c
2013
300
_a
p.3-10.
362
_a
Sep
650
_a
Rural education
773
_a
Kurukshetra
908
_a
N
909
_a
101654
999
_c
101652
_d
101652